| 000 | 00349 a2200157 4500 | ||
|---|---|---|---|
| 001 | 71891 | ||
| 020 | _a8532250467 | ||
| 040 | _cAnchieta - Colégio São Paulo | ||
| 100 | _aPorto, Cristina | ||
| 240 | 1 | 0 |
_aImagens do Sertão _lpor |
| 245 | 1 | 0 | _aImagens do Sertão |
| 300 | _a55 | ||
| 362 | 0 | _a2003 | |
| 650 | 4 | _aLiteratura infantil | |
| 942 | _cBK | ||
| 999 |
_c71891 _d71891 |
||